Companies by Element Symbols - Statistics

General Stats
  • This quiz has been taken 24 times
    22 since last reset
  • The average score is 10 of 15
Answer Stats
Hint Company % Correct
Cobalt + Calcium + Cobalt + Lanthanum Coca-Cola
89%
Carbon + Iodine + Sulfur + Cobalt Cisco
78%
Carbon + Vanadium + Sulfur CVS
78%
Krypton + Oganesson + Erbium Kroger
78%
Cerium + Nitrogen + Tellurium + Neon Centene
72%
Hydrogen + Calcium HCA
72%
Phosphorus + Lanthanum + Indium + Sulfur Plains
72%
Uranium + Phosphorus + Sulfur UPS
72%
Carbon + Iodine + Titanium Citi
67%
Germanium + Nitrogen + Erbium + Aluminum + Dysprosium + Nitrogen + Americium + Iodine + Cesium General Dynamics
67%
Sulfur + Yttrium + Scandium + Oxygen Sysco
67%
Moscovium + Potassium + Einsteinium + Sulfur + Oxygen + Nitrogen McKesson
61%
Aluminun + Boron + Erbium + Tennessine + Oxygen + Nitrogen + Sulfur Albertsons
56%
Boron + Einsteinium + Terbium + Uranium + Yttrium Best Buy
56%
Mendeleevium + Thallium + Iodine + Fermium Metlife
39%
No matching quizzes found
Score Distribution
Percent of People with Each Score
Percentile by Number Answered
Your Score History
You have not taken this quiz since the last reset